Quiz o Zbąszynku - Statystyki

Ogólne statystyki
  • Ten quiz został rozwiązany 5 razy
  • Średni wynik to 10 z 12
Statystyki odpowiedzi
Wskazówka Odpowiedź % Poprawnych
Rok nadania praw miejskich 1945
100%
Kod pocztowy 66-210
100%
Bliska wieś w której znajduję się IKEA Industry Chlastawa
100%
Jezioro leżące nieopodal Jezioro {Koźlarskie}
100%
Tłumaczenie tej nazwy Nowy Zbąszyń
100%
Region w którym leży Region {Kozła}
100%
Klub piłkarski założony w 1945 roku Syrena Zbąszynek
100%
Burmistrz miasta Wiesław Czyczerski
100%
Tablice rejestracyjne FSW
67%
Zwierzę na herbie Łabędź
67%
Niemiecka nazwa miasta Neu Bentschen
67%
Co zajmuję dużą część granic administracyjnych Zbąszynka? Tory kolejowe
33%
Nie znaleziono quizów pasujących do podanych kryteriów
Rozkład punktacji
Procent ludzi z każdym wynikiem
Percentyl według liczby udzielonych odpowiedzi
Twoja historia wyników
Nie rozwiązałeś tego quizu